000 01124cam a22003013a 4500
001 18571
003 PGUSA
005 20140828083409.0
008 060613s2006||||xxu|||||s|||||000 | eng d
040 _aPGUSA
_beng
042 _adc
050 4 _aE011
245 1 4 _aThe Northmen, Columbus and Cabot, 985-1503
_h[electronic resource]
260 _bProject Gutenberg,
_c2006
505 0 _aThe voyages of the Northmen / edited by Julius E. Olson -- The voyages of Columbus and of John Cabot / edited by Edward Gaylord Bourne.
506 _aPublic domain in the USA.
516 _aElectronic text
653 _aAmerica -- Discovery and exploration -- Norse -- Early works to 1800
653 _aCabot, John, d. 1498?
653 _aColumbus, Christopher
653 _aAmerica -- Discovery and exploration -- Spanish -- Early works to 1800
653 _aAmerica -- Discovery and exploration -- British -- Early works to 1800
700 1 _aBourne, Edward Gaylord,
_d1860-1908
700 1 _aOlson, Julius E.
830 0 _aProject Gutenberg
_v18571
856 4 0 _uhttp://www.gutenberg.org/ebooks/18571
942 _cEB
999 _c247826
_d247826